000 00467nam a2200169 i 4500
001 bg
100 1 _aKORDZIŃSKI, Czesław
245 0 _aMałe silniki spalinowe /
_cCz. Kordziński, J. Pogorzelski.
250 _aWyd.3 rozsz.
260 _aWarszawa,
_c1982
_aWydawnictwa Komuniacji i Łączności.
650 9 _aSilniki spalinowe
700 1 _aPOGORZELSKI, Janusz
040 _cBPK
041 _apol
942 _cKS
008 s pl f |000 0 pol
999 _c21760
_d21760
856 _uhttp://koha.tu.koszalin.pl/cgi-bin/koha/opac-detail.pl?biblionumber=21760
_yKatalog online BPK